Modern business correspondence / (Record no. 344516)

000 -LEADER
fixed length control field 00655 a2200193 4500
020 ## - INTERNATIONAL STANDARD BOOK NUMBER
International Standard Book Number 0071134891
020 ## - INTERNATIONAL STANDARD BOOK NUMBER
International Standard Book Number 9780071134897
090 ## - LOCALLY ASSIGNED LC-TYPE CALL NUMBER (OCLC); LOCAL CALL NUMBER (RLIN)
-- 2013
-- 2013
100 1# - MAIN ENTRY--PERSONAL NAME
Personal name MCCOMAS, MARY KAY.
245 10 - TITLE STATEMENT
Title Modern business correspondence /
Statement of responsibility, etc. MARY KAY MCCOMAS.
250 ## - EDITION STATEMENT
Edition statement International Ed ed.
260 ## - PUBLICATION, DISTRIBUTION, ETC.
Place of publication, distribution, etc. [S.l.] :
Name of publisher, distributor, etc. MCGRAW-HILL EDUCATION (ISE EDITIONS),
Date of publication, distribution, etc. 1994.
300 ## - PHYSICAL DESCRIPTION
Extent 320 p.
500 ## - GENERAL NOTE
General note Import.
500 ## - GENERAL NOTE
General note Paperback.
856 40 - ELECTRONIC LOCATION AND ACCESS
Materials specified Amazon.com
Uniform Resource Identifier <a href="http://www.amazon.com/exec/obidos/ASIN/0071134891/chopaconline-20">http://www.amazon.com/exec/obidos/ASIN/0071134891/chopaconline-20</a>
856 40 - ELECTRONIC LOCATION AND ACCESS
Materials specified Amazon customer reviews
Uniform Resource Identifier <a href="http://www.chopac.org/cgi-bin/tools/azrev.pl?q=0071134891">http://www.chopac.org/cgi-bin/tools/azrev.pl?q=0071134891</a>
942 ## - ADDED ENTRY ELEMENTS (KOHA)
Institution code [OBSOLETE] NBS
Koha item type Book
Call number prefix 651.75 MCC
Holdings
Withdrawn status Lost status Damaged status Not for loan Permanent Location Current Location Date acquired Total Checkouts Full call number Barcode Date last seen Price effective from Koha item type
        Central Library (CL) Central Library (CL) 08/28/2013   651.75 MCC NBS2128 08/28/2013 08/28/2013 Book
        Central Library (CL) Central Library (CL) 08/28/2013   651.75 MCC NBS2129 08/28/2013 08/28/2013 Book
        Central Library (CL) Central Library (CL) 08/28/2013   651.75 MCC NBS2127 08/28/2013 08/28/2013 Book
© 2023 Central Library, National University of Sciences and Technology. All Rights Reserved.